Electoral Reforms In India (Record no. 68617)
[ view plain ]
| 000 -LEADER | |
|---|---|
| fixed length control field | 00309nam a22001097a 4500 |
| 082 ## - DEWEY DECIMAL CLASSIFICATION NUMBER | |
| Classification number | 320 |
| 100 ## - MAIN ENTRY--AUTHOR NAME | |
| Personal name | Jain, Dr. Komal |
| 245 ## - TITLE STATEMENT | |
| Title | Electoral Reforms In India |
| Sub Title | A Comparison With U.K. & U.S. Legal Systems |
| 260 ## - PUBLICATION, DISTRIBUTION, ETC. (IMPRINT) | |
| Place of publication | Jaipur |
| Name of publisher | Oxford Book Company |
| Year of publication | 2022 |
| 650 ## - SUBJECT ADDED ENTRY--TOPICAL TERM | |
| Topical Term | Political Science |
| 942 ## - ADDED ENTRY ELEMENTS (KOHA) | |
| Koha item type | Books |
| Withdrawn status | Lost status | Damaged status | Not for loan | Home library | Current library | Date acquired | Cost, normal purchase price | Full call number | Accession Number | Price effective from | Koha item type |
|---|---|---|---|---|---|---|---|---|---|---|---|
| MACL | MACL | 11/02/2026 | 2195.00 | 320/JAI | CRE040393 | 11/02/2026 | Books |









